000 00285nam a2200109Ia 4500
008 221009s9999 xx 000 0 und d
082 _a900/MAN
100 _aJain,Ajay Kumar
_974227
245 0 _aBattleground Chhamb The Indo-Pakistan War of 1971
260 _bManohar Pub.
942 _cBK
999 _c64950
_d64950